| 000 | 00720cam a2200193 4500 | ||
|---|---|---|---|
| 001 | D5309 | ||
| 008 | 090401t1979 xxu||||| |||| 00| 0 eng d | ||
| 035 | _a(Sirsi) u43988 | ||
| 041 | _aeng | ||
| 050 | _a690.25 | ||
| 100 | _aHall, T.H.R (ed) | ||
| 245 | _aTrees and buildings | ||
| 260 |
_aWestbury, Wilts _bArboricultural Association _c1979 |
||
| 300 | _a47p. 21cm | ||
| 350 | _a1 | ||
| 520 | _aContains 5 articles. Tree root damage to buildings by PG Biddle. The physiological characteristics of tress and damage to buildings by root activity by MP Coutts. Trees and building foundations by Tarsem Flora. Trees and buildings by JFS Pryke and Trees and insurance by RA Reece | ||
| 942 | _n0 | ||
| 948 | _c04/03/1997 | ||
| 999 |
_c91418 _d91418 |
||